[Event "WC-2013-Q-00011"]
[Site "LSS email"]
[Date "2013.10.22"]
[Round "?"]
[White "Bormida, Adolfo"]
[Black "Rychkov, Sergej"]
[Result "1/2-1/2"]
[WhiteElo "2381"]
[BlackElo "2215"]
[PlyCount "104"]
[EventDate "2013.10.27"]
[EventType "tourn (corr)"]
[EventRounds "12"]
[EventCountry "GER"]
[SourceTitle "Corr 2022"]
[Source "ChessBase"]
[SourceDate "2021.10.24"]
[SourceVersion "1"]
[SourceVersionDate "2021.10.24"]
[SourceQuality "1"]

1. e4 c5 2. Nc3 a6 3. Nf3 e6 4. d4 b5 5. d5 d6 6. dxe6 fxe6 7. g3 Nc6 8. Bg2 Rb8 9. 0-0 Nf6 10. e5 dxe5 11. Qxd8+ Kxd8 12. Ng5 Kc7 13. f4 b4 14. Nce4 Be7 15. fxe5 Nd5 16. Nf7 Rg8 17. Ned6 Rf8 18. Bg5 h6 19. Bxe7 Ndxe7 20. Rae1 a5 21. Rf2 Ba6 22. Bh3 Nd4 23. c3 bxc3 24. bxc3 Ndf5 25. Nxf5 Rxf7 26. Nd4 Rxf2 27. Nxe6+ Kc6 28. Kxf2 Rb2+ 29. Kg1 Bc4 30. a4 g5 31. Nd8+ Kc7 32. Be6 Be2 33. Nf7 Bf3 34. Nxh6 Rg2+ 35. Kf1 Rxh2 36. Nf7 Bc6 37. Nxg5 Bxa4 38. Ne4 Be8 39. Nxc5 a4 40. Kg1 Rd2 41. Rb1 Ng6 42. Na6+ Kd8 43. Re1 Rd3 44. Kf2 Rxc3 45. Nb4 Rc5 46. Nd3 Ra5 47. Ba2 Bc6 48. Bf7 Be8 49. Bc4 Bc6 50. g4 Bd5 51. Nb4 Bb7 52. Nd3 Bd5 1/2-1/2

[Event "WC-2013-Q-00011"]
[Site "LSS email"]
[Date "2013.10.22"]
[Round "?"]
[White "Maur, Rainer"]
[Black "Rychkov, Sergej"]
[Result "1-0"]
[WhiteElo "2107"]
[BlackElo "2215"]
[PlyCount "109"]
[EventDate "2013.10.27"]
[EventType "tourn (corr)"]
[EventRounds "12"]
[EventCountry "GER"]
[SourceTitle "Corr 2022"]
[Source "ChessBase"]
[SourceDate "2021.10.24"]
[SourceVersion "1"]
[SourceVersionDate "2021.10.24"]
[SourceQuality "1"]

1. e4 c5 2. Nf3 e6 3. d4 cxd4 4. Nxd4 a6 5. Nc3 b5 6. Bd3 Qb6 7. Nf3 Bc5 8. 0-0 Bb7 9. a4 Qa5 10. Nd2 b4 11. Nb3 Qc7 12. Nxc5 Qxc5 13. Qg4 Qf8 14. Nd1 Nf6 15. Qf4 d6 16. Ne3 Nc6 17. Nc4 Rd8 18. Rd1 Qe7 19. Qg3 Nh5 20. Qg5 Nf6 21. Qxg7 Rg8 22. Qh6 Rg6 23. Qh3 b3 24. cxb3 Nb4 25. Bf4 e5 26. Bg3 Nxd3 27. Rxd3 Bxe4 28. Rd2 Bd5 29. Qh4 Rg4 30. Qh6 Rg6 31. Qe3 Bb7 32. f3 Nh5 33. Rad1 Nxg3 34. hxg3 Re6 35. Qd3 Qg5 36. Kf2 h6 37. Qh7 Qf6 38. b4 e4 39. f4 Kf8 40. Ne3 d5 41. Ng4 Qg6 42. Qxg6 fxg6 43. Ke3 h5 44. Ne5 Red6 45. Kd4 Bc6 46. Ra1 Ke7 47. Rc2 Be8 48. b5 Ra8 49. b4 axb5 50. a5 Kf6 51. Rac1 Rdd8 52. Rc7 Rd6 53. Rc8 Rd8 54. Rxa8 Rxa8 55. Kxd5 1-0

[Event "WC-2013-Q-00011"]
[Site "LSS email"]
[Date "2013.10.22"]
[Round "?"]
[White "Muhl, Patrick"]
[Black "Rychkov, Sergej"]
[Result "1-0"]
[WhiteElo "2442"]
[BlackElo "2215"]
[PlyCount "119"]
[EventDate "2013.10.27"]
[EventType "tourn (corr)"]
[EventRounds "12"]
[EventCountry "GER"]
[SourceTitle "Corr 2022"]
[Source "ChessBase"]
[SourceDate "2021.10.24"]
[SourceVersion "1"]
[SourceVersionDate "2021.10.24"]
[SourceQuality "1"]

1. d4 Nf6 2. c4 a6 3. Nc3 c5 4. dxc5 e6 5. e4 Bxc5 6. e5 Ng8 7. Ne4 Nc6 8. Bd2 Be7 9. Bc3 f5 10. Nd6+ Bxd6 11. Qxd6 Nh6 12. Nf3 Nf7 13. Qd2 0-0 14. a3 d6 15. 0-0-0 dxe5 16. Qxd8 Rxd8 17. Rxd8+ Nfxd8 18. Nxe5 Nxe5 19. Bxe5 Nc6 20. Bc3 e5 21. g3 Be6 22. b3 Kf7 23. a4 Rc8 24. Kb2 e4 25. Be2 Rd8 26. Re1 Bc8 27. f3 Re8 28. fxe4 Rxe4 29. Bh5+ g6 30. Bf3 Rxe1 31. Bxe1 Ke7 32. Kc3 a5 33. Bd2 Bd7 34. Bg5+ Kd6 35. Bf4+ Ke7 36. Bd5 Kf6 37. h4 Ke7 38. Bg5+ Kd6 39. Bg8 h5 40. Bf7 Ne5 41. Bd5 Nc6 42. Bf4+ Ke7 43. Bc7 Kf6 44. Bh1 Ke6 45. Bd5+ Kf6 46. Bf3 Be8 47. Bf4 Bd7 48. Kd3 Be8 49. Ke3 Bd7 50. Bd5 Ke7 51. Bc7 f4+ 52. Kxf4 Kf6 53. Bxc6 Bxc6 54. Bxa5 Bg2 55. Ke3 Ke7 56. Bd2 Kd6 57. b4 Ke5 58. Kd3 Be4+ 59. Kc3 Kd6 60. Bf4+ 1-0

[Event "WC-2013-Q-00011"]
[Site "LSS email"]
[Date "2013.10.22"]
[Round "?"]
[White "Ralls, Richard Nelson"]
[Black "Rychkov, Sergej"]
[Result "1/2-1/2"]
[WhiteElo "2495"]
[BlackElo "2215"]
[PlyCount "120"]
[EventDate "2013.10.27"]
[EventType "tourn (corr)"]
[EventRounds "12"]
[EventCountry "GER"]
[SourceTitle "Corr 2022"]
[Source "ChessBase"]
[SourceDate "2021.10.24"]
[SourceVersion "1"]
[SourceVersionDate "2021.10.24"]
[SourceQuality "1"]

1. d4 Nf6 2. c4 a6 3. Nc3 c5 4. dxc5 e6 5. e4 Qa5 6. e5 Ne4 7. Qa4 Qxa4 8. Nxa4 Bxc5 9. f3 Bf2+ 10. Ke2 b5 11. fxe4 Bxg1 12. Rxg1 bxa4 13. Bd2 a5 14. Bc3 Nc6 15. Kf2 Ke7 16. Be2 Ba6 17. b3 Rhc8 18. Rgc1 Ke8 19. Ke3 a3 20. Rd1 Nb4 21. Rd2 Rab8 22. Rf1 a4 23. Bd1 axb3 24. axb3 Bxc4 25. bxc4 Rxc4 26. Bxb4 Rbxb4 27. Bc2 Rc3+ 28. Bd3 Rbb3 29. Ra1 Ke7 30. Raa2 Rc1 31. Ke2 Rg1 32. Kf2 Rc1 33. Be2 Rc5 34. Bd1 Rbc3 35. Ba4 Rxe5 36. Rxd7+ Kf6 37. Bc2 Ra5 38. Bd1 h5 39. Ke2 h4 40. Kd2 Rc4 41. Kd3 Rcc5 42. Rd4 Rcb5 43. Kc2 Rc5+ 44. Kd2 Rg5 45. Bf3 Ra7 46. e5+ Rxe5 47. Rxh4 Rd7+ 48. Kc2 Re3 49. Ra1 g6 50. Rd1 Ra7 51. Rb4 Kg7 52. Rdb1 Rc7+ 53. Kd2 Re5 54. R4b3 Rd7+ 55. Rd3 Ra7 56. Ra1 Rea5 57. Rc3 f5 58. Ra2 Kf6 59. Be2 e5 60. Rc6+ Kg7 1/2-1/2

[Event "WC-2013-Q-00011"]
[Site "LSS email"]
[Date "2013.10.22"]
[Round "?"]
[White "Rychkov, Sergej"]
[Black "Miettinen, Kristo"]
[Result "1/2-1/2"]
[WhiteElo "2215"]
[BlackElo "2259"]
[PlyCount "85"]
[EventDate "2013.10.27"]
[EventType "tourn (corr)"]
[EventRounds "12"]
[EventCountry "GER"]
[SourceTitle "Corr 2022"]
[Source "ChessBase"]
[SourceDate "2021.10.24"]
[SourceVersion "1"]
[SourceVersionDate "2021.10.24"]
[SourceQuality "1"]

1. d4 Nf6 2. c4 e6 3. Nf3 b6 4. g3 Ba6 5. Qb3 Nc6 6. Nbd2 h5 7. e4 h4 8. gxh4 Qe7 9. e5 Nh5 10. Rg1 Bb7 11. c5 Rb8 12. cxb6 axb6 13. a3 Qd8 14. Qc2 Ra8 15. Ne4 Nb4 16. Qb1 Nd5 17. Bd2 Qb8 18. Neg5 Be7 19. Rg4 Qa7 20. Bc4 Bb4 21. Bxd5 Bxd2+ 22. Nxd2 Bxd5 23. Nge4 b5 24. Qd3 Qb7 25. Rc1 b4 26. Nc5 Qb6 27. a4 d6 28. Nce4 dxe5 29. dxe5 Rxa4 30. Nc4 Qb8 31. Ne3 Ra5 32. Qc2 Bxe4 33. Qxe4 Ke7 34. Qxb4+ Qxb4+ 35. Rxb4 Rc8 36. f4 f6 37. exf6+ Nxf6 38. Kf2 Nd5 39. Re4 Nxe3 40. Rxe3 c5 41. Kf3 Rb8 42. Rg1 Kf6 43. Re2 1/2-1/2

[Event "WC-2013-Q-00011"]
[Site "LSS email"]
[Date "2013.10.22"]
[Round "?"]
[White "Rychkov, Sergej"]
[Black "Muhl, Patrick"]
[Result "1/2-1/2"]
[WhiteElo "2215"]
[BlackElo "2442"]
[PlyCount "53"]
[EventDate "2013.10.27"]
[EventType "tourn (corr)"]
[EventRounds "12"]
[EventCountry "GER"]
[SourceTitle "Corr 2022"]
[Source "ChessBase"]
[SourceDate "2021.10.24"]
[SourceVersion "1"]
[SourceVersionDate "2021.10.24"]
[SourceQuality "1"]

1. d4 Nf6 2. c4 e6 3. Nf3 d5 4. g3 dxc4 5. Bg2 a6 6. 0-0 Nc6 7. Bg5 Be7 8. e3 0-0 9. Nbd2 e5 10. Nxe5 Nxe5 11. dxe5 Ng4 12. Bxe7 Qxe7 13. Nxc4 Nxe5 14. Nxe5 Qxe5 15. Qd4 Qe7 16. Rfd1 c6 17. b4 Be6 18. Qc5 Qf6 19. e4 Qb2 20. a4 Rad8 21. Rdb1 Qd4 22. Qxd4 Rxd4 23. b5 Rc8 24. f4 axb5 25. axb5 g6 26. e5 cxb5 27. Rxb5 1/2-1/2

[Event "WC-2013-Q-00011"]
[Site "LSS email"]
[Date "2013.10.22"]
[Round "?"]
[White "Rychkov, Sergej"]
[Black "Ralls, Richard Nelson"]
[Result "0-1"]
[WhiteElo "2215"]
[BlackElo "2495"]
[PlyCount "74"]
[EventDate "2013.10.27"]
[EventType "tourn (corr)"]
[EventRounds "12"]
[EventCountry "GER"]
[SourceTitle "Corr 2022"]
[Source "ChessBase"]
[SourceDate "2021.10.24"]
[SourceVersion "1"]
[SourceVersionDate "2021.10.24"]
[SourceQuality "1"]

1. d4 Nf6 2. c4 g6 3. f3 Bg7 4. e4 d6 5. Ne2 0-0 6. Nbc3 c5 7. d5 Nbd7 8. Bg5 h6 9. Be3 a6 10. Qd2 Ne5 11. Nc1 e6 12. Be2 b5 13. 0-0 exd5 14. cxd5 g5 15. a3 Nh5 16. g4 Nf4 17. Bxf4 gxf4 18. Qxf4 Ng6 19. Qd2 Qh4 20. Kh1 h5 21. gxh5 Be5 22. Bd1 Nf4 23. N3e2 Bh3 24. Nxf4 Bxf1 25. Ncd3 Bxd3 26. Nxd3 Bd4 27. Nf4 Kh7 28. Bc2 Qg5 29. Rd1 Rg8 30. Ng2 Qxh5 31. Qf4 Rg7 32. Qf5+ Qxf5 33. exf5 f6 34. b3 Rag8 35. Rd2 Be3 36. Re2 c4 37. Bd1 Bc5 0-1

[Event "CP-2013-P-00017"]
[Site "LSS email"]
[Date "2013.09.30"]
[Round "?"]
[White "Rossetti, Mario"]
[Black "Rychkov, Sergej"]
[Result "0-1"]
[WhiteElo "1600"]
[BlackElo "2215"]
[PlyCount "30"]
[EventDate "2013.10.01"]
[EventType "tourn (corr)"]
[EventRounds "6"]
[EventCountry "GER"]
[SourceTitle "Corr 2022"]
[Source "ChessBase"]
[SourceDate "2021.10.24"]
[SourceVersion "1"]
[SourceVersionDate "2021.10.24"]
[SourceQuality "1"]

1. e4 c5 2. Nf3 e6 3. d4 cxd4 4. Nxd4 a6 5. Bd3 Bc5 6. Nb3 Be7 7. 0-0 d6 8. c4 Nf6 9. Nc3 b6 10. Re1 Nc6 11. Re3 Bb7 12. Rg3 Ne5 13. Rxg7 Ng6 14. Nd4 Nd7 15. Nxe6 fxe6 0-1

[Event "CP-2013-P-00017"]
[Site "LSS email"]
[Date "2013.09.30"]
[Round "?"]
[White "Rychkov, Sergej"]
[Black "Tylecek, Drahomir"]
[Result "1-0"]
[WhiteElo "2215"]
[BlackElo "2003"]
[PlyCount "93"]
[EventDate "2013.10.01"]
[EventType "tourn (corr)"]
[EventRounds "6"]
[EventCountry "GER"]
[SourceTitle "Corr 2022"]
[Source "ChessBase"]
[SourceDate "2021.10.24"]
[SourceVersion "1"]
[SourceVersionDate "2021.10.24"]
[SourceQuality "1"]

1. d4 Nf6 2. c4 g6 3. Nc3 d5 4. Nf3 Bg7 5. Qb3 dxc4 6. Qxc4 0-0 7. e4 Na6 8. Be2 c5 9. d5 e6 10. 0-0 exd5 11. exd5 Re8 12. Be3 Bf5 13. Rad1 Rc8 14. d6 Nb4 15. Qh4 a6 16. Rd2 Qd7 17. h3 Ne4 18. Nxe4 Rxe4 19. g4 h6 20. a3 Bxg4 21. Ne5 Bxe2 22. Qxe4 Bxe5 23. Rxe2 Nc6 24. Bxc5 Bxd6 25. Bxd6 Qxd6 26. Rc1 Kg7 27. Rc3 Rd8 28. Kg2 Rd7 29. Ree3 Qf6 30. Rcd3 Re7 31. Qd5 Qxb2 32. Rxe7 Nxe7 33. Qd4+ Qxd4 34. Rxd4 Nc6 35. Rd7 Na5 36. f4 Kg8 37. Kg3 Kg7 38. Kg4 Kf6 39. Rd6+ Kg7 40. f5 gxf5+ 41. Kxf5 Nc4 42. Rd3 b5 43. Rg3+ Kf8 44. Kf6 Nd6 45. Rg4 a5 46. Rh4 Ne8+ 47. Ke5 1-0

[Event "CP-2010-S-00004"]
[Site "LSS email"]
[Date "2013.05.01"]
[Round "?"]
[White "Rychkov, Sergej"]
[Black "Frijling, Jeroen"]
[Result "1/2-1/2"]
[WhiteElo "2142"]
[BlackElo "2097"]
[PlyCount "107"]
[EventDate "2013.05.05"]
[EventType "tourn (corr)"]
[EventRounds "7"]
[EventCountry "GER"]
[SourceTitle "Telechess CBM 167"]
[Source "ChessBase"]
[SourceDate "2015.07.13"]
[SourceVersion "1"]
[SourceVersionDate "2015.07.13"]
[SourceQuality "1"]

1. d4 Nf6 2. c4 c6 3. Nf3 d5 4. Nc3 dxc4 5. a4 Bf5 6. e3 e6 7. Bxc4 Bb4 8. 0-0 Nbd7 9. Qe2 0-0 10. Ne5 Nxe5 11. dxe5 Nd7 12. e4 Bg6 13. f4 Qh4 14. Be3 Bh5 15. Qc2 Qe7 16. Qf2 Rad8 17. h3 h6 18. a5 Rfe8 19. g4 Bg6 20. Rfd1 Bh7 21. Bb3 Bc5 22. Bxc5 Nxc5 23. Bc2 Na6 24. Qxa7 Nb4 25. Qf2 g5 26. f5 Rxd1+ 27. Bxd1 Nd3 28. Qd4 Rd8 29. Qb6 Nxe5 30. Be2 Kg7 31. fxe6 fxe6 32. Rd1 Rxd1+ 33. Nxd1 Ng6 34. Nf2 Nf4 35. Bf1 Bg6 36. Qa7 Qf7 37. Qd4+ Kg8 38. Qd6 Kg7 39. Qd8 Bh7 40. Qd4+ Kg8 41. b4 Bg6 42. Qd6 Kg7 43. b5 cxb5 44. Bxb5 Kg8 45. Kh2 Ne2 46. Kg2 Nf4+ 47. Kg3 e5 48. Bd3 Nxd3 49. Qxd3 Kg7 50. Qb1 h5 51. Kg2 Qc7 52. gxh5 Bxh5 53. Qb4 Bf7 54. Qd2 1/2-1/2